000 00981nam a2200325 i 4500
003 EG-GICUC
005 20260425151431.0
008 260425s1977 nju||||fr|||| 00| 0 eng d
040 _aEG-GiCUC
_beng
_cEG-GiCUC
_dEG-GiCUC
_erda
041 _aeng
082 0 4 _221
_a343.37
_bWE.C
092 0 4 _221
099 _aLaw1 10 343.37 WE.C 1977
100 1 _aWells , Kenneth M.
_eAuthor.
245 _aCriminal Procedure and Trial Practice /
_c Kenneth M. Wells .
264 _aNew Jersey :
_bPrentice Hall,
_c1977 .
300 _a287 pages ,
_c24 cm
336 _2rda content
_atext
337 _2rda media
_aComputer
338 _2rda carrier
_aOnline Resource
500 _aIncludes Index Pages : 280-287.
546 _aText in English
650 1 _aDroit pénal
650 1 _aProcès pénal
651 1 _2qrmak
700 1 _aWeston , Paul B.
_eContributor
856 4 0 _uhttps://fll.law.cu.edu.eg/fulltext/bks/B10-10938.pdf
905 _a60
942 _2ddc
_cBK
_e21
_n0
999 _c73339
_d73339